[Event "European Ind w 2012"]
[Site "Gaziantep TUR"]
[Date "2012.03.05"]
[Round "4"]
[White "Ivakhinova,I"]
[Black "Kosteniuk,A"]
[Result "1-0"]
[WhiteElo "2285"]
[BlackElo "2448"]

1.d4 Nf6 2.c4 e6 3.Nc3 Bb4 4.Qc2 d6 5.e3 c5 6.Bd3 Nc6 7.Ne2 e5 8.d5 Ne7 9.Ng3 b5
10.e4 bxc4 11.Bxc4 O-O 12.O-O Nd7 13.a3 Bxc3 14.Qxc3 Nb6 15.b3 Ng6 16.Be3 a5
17.Rfb1 Bd7 18.Bf1 Ne7 19.b4 cxb4 20.axb4 a4 21.f4 exf4 22.Bxf4 Be8 23.Qd4 f6
24.b5 Bg6 25.Be3 Rb8 26.Bd3 f5 27.Bg5 fxe4 28.Bxe4 Bxe4 29.Qxe4 Nbxd5 30.Qxa4 h6
31.Bd2 Qb6+ 32.Kh1 Rf2 33.Ne4 Rf5 34.Qc4 Rc8 35.Qd3 Qb8 36.h3 Kh8 37.b6 Nxb6
38.Qxd6 Qb7 39.Rxb6 Qxe4 40.Re1 Rc1 41.Rxc1 Rf2 42.Rg1 Nf5 43.Qb8+ Kh7 44.Rb4 Qd5
45.Be1 Re2 46.Qf4 Re3 47.Kh2 Re2 48.Ra4 Qe6 49.Ra5 Ne3 50.Bf2 Nd5 51.Qf3 Re4
52.Re1 Rxe1 53.Bxe1 Ne3 54.Bg3  1-0

[Event "European Ind w Rapid 2012"]
[Site "Gaziantep TUR"]
[Date "2012.03.15"]
[Round "1"]
[White "Kosteniuk,A"]
[Black "Borosova,Z"]
[Result "1-0"]
[WhiteElo "2448"]
[BlackElo "2302"]

1.e4 e5 2.Nf3 Nc6 3.Bb5 Nb8 4.Bf1 Nc6 5.Bb5 a6 6.Ba4 Nf6 7.O-O Be7 8.Re1 b5
9.Bb3 O-O 10.a4 Bb7 11.d3 d6 12.Nbd2 Na5 13.Ba2 c5 14.Nf1 h6 15.Ng3 Re8 16.Nh4 d5
17.Nhf5 dxe4 18.Bxh6 Bf8 19.Bg5 exd3 20.Nh5 dxc2 21.Qxc2 e4 22.Qc3 Nd5 23.Qg3 Qb8
24.Bf4 Qc8 25.Nhxg7 Nxf4 26.Nxe8+  1-0

[Event "14th TCh-RUS w 2013"]
[Site "Loo RUS"]
[Date "2013.04.13"]
[Round "5"]
[White "Atalik,E"]
[Black "Kosteniuk,A"]
[Result "1-0"]
[WhiteElo "2455"]
[BlackElo "2496"]

1.d4 Nf6 2.c4 e6 3.Nc3 Bb4 4.e3 O-O 5.Bd3 c5 6.Ne2 d5 7.cxd5 cxd4 8.exd4 Nxd5
9.O-O Nc6 10.Nxd5 Qxd5 11.a3 Be7 12.Be3 Bf6 13.Qc2 g6 14.Rfd1 Qd8 15.Be4 Bd7
16.d5 exd5 17.Bxd5 Qc8 18.Rac1 Ne7 19.Qb1 Bc6 20.Bxc6 Nxc6 21.Nf4 Be5 22.b4 Bxf4
23.Bxf4 Qg4 24.Be3 Rfd8 25.h3 Qh4 26.b5 Nd4 27.Rc7 Nf5 28.Rxd8+ Qxd8 29.Bf4 Qd5
30.Kh2 Re8 31.Qc2 Nh4 32.f3 Nxf3+ 33.Kg3 Nd4 34.Qc4 Ne2+ 35.Kh2 Qf5 36.Bd6 Qf6
37.Qc5 b6 38.Rc8 Qe6 39.Rxe8+ Qxe8 40.Qe5 Qd7 41.Be7 f6 42.Qxe2 Qc7+ 43.g3 Kf7
44.Bb4 h5 45.Kg2 Qd7 46.Qe4 Qd8 47.Qc4+ Kg7 48.Qe6 Qd4 49.h4 Qb2+ 50.Kf3 g5
51.Qe7+ Kg6 52.Qe8+ Kh7 53.Qf7+ Kh8 54.hxg5 fxg5 55.Qxh5+ Kg7 56.Qxg5+ Kf7
57.Qf5+ Kg7 58.Qd3  1-0

[Event "63rd ch-RUS w 2013"]
[Site "Nizhny Novgorod RUS"]
[Date "2013.10.12"]
[Round "7.1"]
[White "Kosteniuk,A"]
[Black "Charochkina,D"]
[Result "1-0"]
[WhiteElo "2495"]
[BlackElo "2343"]

1.e4 c6 2.Nc3 d5 3.d4 dxe4 4.Nxe4 Bf5 5.Ng3 Bg6 6.h4 h6 7.Nf3 Nd7 8.h5 Bh7
9.Bd3 Bxd3 10.Qxd3 Ngf6 11.Bf4 Qa5+ 12.Bd2 Qa4 13.O-O e6 14.Rfe1 Be7 15.a3 Rd8
16.b4 O-O 17.Nf5 Rfe8 18.Rxe6 fxe6 19.Nxg7 Nf8 20.Nxe8 Rxe8 21.Ne5 Kg7 22.Re1 N6h7
23.Re3 Bf6 24.Rg3+ Ng5 25.f4 Rd8 26.Nf3 Nh7 27.fxg5 hxg5 28.Nxg5 Bxd4+ 29.Kh1  1-0

[Event "10th European Teams w"]
[Site "Warsaw POL"]
[Date "2013.11.16"]
[Round "8.2"]
[White "Arabidze,M"]
[Black "Kosteniuk,A"]
[Result "0-1"]
[WhiteElo "2374"]
[BlackElo "2510"]

1.d4 e6 2.c4 Bb4+ 3.Nd2 b6 4.Nf3 Bb7 5.a3 Bxd2+ 6.Qxd2 f5 7.e3 Nf6 8.Be2 O-O
9.O-O d6 10.b4 Nbd7 11.Bb2 Ne4 12.Qc2 Rf6 13.d5 Rh6 14.dxe6 Rxe6 15.Rfd1 c5
16.bxc5 Nexc5 17.Qxf5 Rg6 18.Rd5 Qe7 19.Qc2 Bxd5 20.cxd5 Rf8 21.Kf1 Nf6 22.h3 Nfe4
23.Bd4 Rh6 24.Ke1 Qf7 25.a4 Qg6 26.Bf1 Rxh3 27.a5 Rh1 28.axb6 Qxg2 29.Qe2 Nd3+
30.Qxd3 Qxf2+  0-1

[Event "SportAccord Basque Women 2013"]
[Site "Beijing CHN"]
[Date "2013.12.17"]
[Round "3.2"]
[White "Muzychuk,A"]
[Black "Kosteniuk,A"]
[Result "0-1"]
[WhiteElo "2566"]
[BlackElo "2527"]

1.e4 c5 2.Nf3 Nc6 3.Bb5 Nf6 4.Nc3 g6 5.e5 Ng4 6.Bxc6 dxc6 7.h3 Nh6 8.g4 Bg7
9.Qe2 O-O 10.d3 f5 11.Bxh6 fxg4 12.Nd2 Bxh6 13.hxg4 Bf4 14.O-O-O Qd4 15.Ne4 Be6
16.Kb1 Qxe5 17.Nc4 Bxc4 18.dxc4 Rad8 19.f3 a6 20.c3 b5 21.Qf2 bxc4 22.Rde1 Rd5
23.Qe2 Rd3 24.Qf2 Rb8 25.g5 Qf5 26.Qh4 Qf7 27.Nf6+ exf6 28.Qxf4 Qb7 29.Qxc4+ Rd5
30.Re2 fxg5 31.Rhe1 Qb5 32.Qe4 Qd3+ 33.Qxd3 Rxd3 34.Re5 Rxc3 35.Rxg5 Rxf3
36.Rxc5 Rf2 37.b3 Rf6 38.Re7 Rb5 39.Rc2 Rd5 40.Ra7 a5 41.a4 h5 42.b4 axb4
43.a5 c5 44.a6 Rdd6 45.Re2 c4 46.Ra8+ Kg7 47.a7 Rf1+ 48.Kb2 Ra6 49.Re7+ Kf6
50.Rb7 Rf2+ 51.Kb1 Rfa2 52.Rf8+ Kg5 53.Rb5+ Kh6 54.Rxb4 Rxa7 55.Rxc4 Rg2
56.Rh8+ Kg7 57.Rcc8 Re7 58.Rhg8+ Kh6 59.Rh8+ Kg5 60.Rc5+ Kg4 61.Rc1 Re4 62.Rh1 Rb4+
63.Kc1 Ra4 64.Kb1 Rf4 65.Rh7 Kg3 66.Rh6 Rf6 67.Rd1 Kg4 68.Rh8 g5  0-1

[Event "ch-Moscow Superfinal w 2014"]
[Site "Moscow RUS"]
[Date "2014.01.30"]
[Round "4.2"]
[White "Drozdova,D"]
[Black "Kosteniuk,A"]
[Result "1/2-1/2"]
[WhiteElo "2241"]
[BlackElo "2527"]

1.d4 Nf6 2.c4 e6 3.Nc3 Bb4 4.e3 O-O 5.Ne2 d5 6.a3 Be7 7.cxd5 exd5 8.g3 c6
9.Bg2 a5 10.Qc2 Na6 11.O-O b6 12.e4 dxe4 13.Nxe4 Bb7 14.Nxf6+ Bxf6 15.Be3 Rc8
16.Rfd1 Nc7 17.Nf4 Bg5 18.Qb3 Bxf4 19.Bxf4 Nd5 20.Bxd5 cxd5 21.Rac1 Re8 22.Rxc8 Bxc8
23.Qc3 Qe7 24.Bd2 Be6 25.Re1 Qd7 26.Qb3 Qd6 27.Bf4 Qc6 28.f3 a4 29.Qd3 Qd7
30.Kf2 h6 31.g4 Rc8 32.Rc1 Rc4 33.Rxc4 dxc4 34.Qe3 Qb5 35.Qd2 Bd5 36.Qc3 h5
37.h3 Qc6 38.Qe3 hxg4 39.hxg4 Qb5 40.Qc3 f6 41.Bd6 Kf7 42.Bf4 Be6 43.Bd2 Qd5
44.Qe3 Qd8 45.Qf4 Bd5 46.Qe3 Qh8 47.Qf4 Qh7 48.Bc3 Qc2+ 49.Kg3 Qd1 50.Qe3 g5
51.Bb4 Qh1 52.Qe7+ Kg6 53.Qe8+ Bf7 54.Qe4+ Kg7 55.Qe1 Qh8 56.Kg2 Qd8 57.Qe4 Qd7
58.Qe3 Be6 59.Kg3 Kf7 60.Qe4 Kg7 61.Qe3 Kg6 62.Qe4+ Kg7 63.Qe3 Bf7 64.Kg2 Qc7
65.Qe4 Qd8 66.Qe3 Qh8 67.Qe4 Qd8 68.Qe3 Qd5 69.Qe4 Qb5 70.Qe3 Qc6 71.Qe4 Bd5
72.Qe3 Kg6 73.Kg3 Qc7+ 74.Kg2 Qd7 75.Kg3 Qc7+ 76.Kg2 f5 77.gxf5+ Kxf5 78.Bd2 Qg7
79.Kg3 Qc7+ 80.Qe5+ Qxe5+ 81.dxe5 Kxe5 82.Bxg5 c3 83.bxc3 Kf5  1/2-1/2

[Event "4th WGP 2014"]
[Site "Khanty-Mansiysk RUS"]
[Date "2014.04.16"]
[Round "7.1"]
[White "Girya,O"]
[Black "Kosteniuk,A"]
[Result "1-0"]
[WhiteElo "2450"]
[BlackElo "2527"]

1.d4 Nf6 2.c4 e6 3.Nf3 d5 4.Nc3 Be7 5.Bg5 h6 6.Bh4 O-O 7.e3 b6 8.Be2 dxc4
9.Bxc4 Bb7 10.O-O Nbd7 11.Qe2 a6 12.a4 c5 13.Rfd1 Qe8 14.Rac1 Bd6 15.d5 e5
16.Bg3 Nh5 17.Ne4 Bb8 18.Bh4 f5 19.d6+ Kh8 20.Be7 fxe4 21.Nh4 Nhf6 22.Be6 Bc6
23.Bf5 Rf7 24.Ng6+ Kg8 25.Qc4 Ra7 26.b3 Nd5 27.Bxd7 Rxd7 28.Rxd5 Bxd5 29.Qxd5 Bc7
30.Nxe5 Rxe7 31.Nxf7 Rxf7 32.dxc7 Qc8 33.Qd8+ Rf8 34.Rd1 Kh7 35.h3 c4 36.bxc4 Qf5
37.Qxf8 Qxf8 38.Rd8 Qf6 39.c8=Q  1-0

[Event "Lopota WGP 2014"]
[Site "Lopota GEO"]
[Date "2014.06.25"]
[Round "6.2"]
[White "Muminova,N"]
[Black "Kosteniuk,A"]
[Result "0-1"]
[WhiteElo "2332"]
[BlackElo "2532"]

1.e4 e5 2.Nf3 Nc6 3.d4 exd4 4.Nxd4 Bc5 5.Nb3 Bb6 6.Nc3 Nf6 7.Qe2 O-O 8.Be3 Re8
9.f3 d6 10.O-O-O Be6 11.Nc5 Bxc5 12.Bxc5 Qb8 13.Be3 a6 14.g4 b5 15.g5 Nd7
16.f4 Bc4 17.Qf3 Bxf1 18.Rhxf1 b4 19.Nd5 Ne7 20.Nf6+ gxf6 21.gxf6 Ng6 22.f5 Re5
23.fxg6 hxg6 24.Bh6 Rh5 25.Be3 Ne5 26.Qg3 Qc8 27.Bf4 Qe6 28.Bxe5 Rxe5 29.Rd5 Re8
30.Rxe5 Qxe5 31.Rf4 Qd4 32.Qh4 Re6 33.a3 bxa3 34.bxa3 c5 35.Kb1 d5 36.exd5 Rb6+
37.Kc1 Qe3+  0-1

[Event "Lopota WGP 2014"]
[Site "Lopota GEO"]
[Date "2014.06.26"]
[Round "7.5"]
[White "Kosteniuk,A"]
[Black "Khotenashvili,B"]
[Result "1-0"]
[WhiteElo "2532"]
[BlackElo "2518"]

1.e4 g6 2.d4 Bg7 3.Nc3 d6 4.Be3 c6 5.Qd2 b5 6.Bd3 Nf6 7.Bh6 Bxh6 8.Qxh6 Qb6
9.Nf3 Be6 10.O-O Nbd7 11.h3 a6 12.a4 b4 13.a5 Qc7 14.Na4 Qxa5 15.Nc5 Qb6
16.Nxe6 fxe6 17.e5 dxe5 18.dxe5 Nd5 19.Ng5 Nf4 20.Qg7 O-O-O 21.Bxa6+ Kb8
22.Nf7 Rhg8 23.Qh6 Rdf8 24.Qxf4 Rg7 25.Qd2 Nc5 26.Ng5 h6 27.Nxe6 Nxe6 28.Bc4 Ng5
29.Ra6 Qc5 30.Qd7 Ne4 31.Rfa1 Qxf2+ 32.Kh1  1-0

[Event "Lopota WGP 2014"]
[Site "Lopota GEO"]
[Date "2014.06.27"]
[Round "8.3"]
[White "Koneru,H"]
[Black "Kosteniuk,A"]
[Result "1/2-1/2"]
[WhiteElo "2613"]
[BlackElo "2532"]

1.c4 Nf6 2.Nc3 e5 3.Nf3 Nc6 4.a3 d5 5.cxd5 Nxd5 6.Qc2 Be7 7.e3 O-O 8.b4 Nxc3
9.dxc3 Qd6 10.Bb2 Bg4 11.Be2 f5 12.b5 Bxf3 13.gxf3 Nd8 14.c4 c6 15.c5 Qg6
16.Bxe5 cxb5 17.Bxb5 Rc8 18.Ke2 Rxc5 19.Bc4+ Kh8 20.Bd4 Rc7 21.Rag1 Bg5 22.h4 Ne6
23.Be5 Rc5 24.Bd6 Nf4+ 25.Bxf4 Qc6 26.hxg5 Rxc4 27.Qb3 Qa6 28.Ke1 Rfc8 29.e4 fxe4
30.fxe4 Qg6 31.Qxb7 Rxe4+ 32.Kf1 Rf8 33.Bg3 Qe6 34.Kg2 Rxf2+ 35.Bxf2 Qg4+
36.Kh2 Qh5+ 37.Kg2 Qg4+ 38.Kh2 Qh5+ 39.Kg2 Qg4+ 40.Kh2  1/2-1/2